000 00638nam a2200193Ii 4500
003 JO-AjNU
008 230605s9999||||xx |||||||||||||| ||und||
040 _aJO-AjNU
_bara
_erda
_cJO-AjNU
041 _aara
050 1 4 _aPJ7542.M8.A2222 1992
100 3 _aعبد الجليل، عبد العزيز,
_eauthor
_915812
245 0 0 _aالموشحات الأندلسية
264 3 1 _aالقاهرة: دار المعارف، 1992
300 _a262ص
336 _atext
_btxt
_2rdacontent
337 _aunmediated
_bn
_2rdamedia
338 _avolume
_bnc
_2rdacarrier
650 4 _aالشعر العربي - موشحات - الأندلس
_915813
999 _aA4552
_c8120
_d8120